000 00335nam a2200145Ia 4500
005 20251222141920.0
008 251222s9999||||xx |||||||||||||| ||spa||
020 _a978-84-282-1474-2
082 _a791.433/I76
100 _aIrving, David K.
245 0 _aCortos en Cine y Video:
250 _a3a.ed.
264 _bOmega
942 _cLIB
999 _c8682
_d8682